| 000 | 00848 a2200229 4500 | ||
|---|---|---|---|
| 005 | 20080911153655.0 | ||
| 008 | 080911t xxu||||| |||| 00| 0 eng d | ||
| 010 | _aENG-87717 | ||
| 020 |
_c1050.00 _a8184500288 |
||
| 035 | _aEN-71250 | ||
| 037 | _bD.B.Act / Pub | ||
| 082 | _a658.84 | ||
| 245 |
_aDynamics of electronic commerce _cedited by S. B. Verma, R. K. Shrivastawa and S. K. Singh |
||
| 260 |
_aNew Delhi _bDeep & Deep Publications _c2007 |
||
| 300 |
_axvi, 360 p. _c22 cm. (Hb). |
||
| 500 | _aIncludes index | ||
| 700 | _aVerma, S. B. | ||
| 700 | _aShrivastawa, R. K. | ||
| 700 | _aSingh, S. K. | ||
| 942 |
_adpl _cEN _k658.84 / DYN _2ddc _h658.84 _mDYN |
||
| 999 |
_c6859 _d6859 |
||